Famous Ukrainians - Statistics

General Stats
  • This quiz has been taken 40 times
  • The average score is 4 of 20
Answer Stats
Hint Answer % Correct
World heavyweight boxing champion Vitali Klitschko
50%
2004 Eurovision winner Ruslana
47%
Director of such films as 'Saving Private Ryan' and 'E.T.' Steven Spielberg
42%
Andriy Danylko's drag character, Eurovision contestant, appeared and the film 'Spy' Verka Serduchka
42%
Voice of Meg Griffin Mila Kunis
39%
'Rocky' Sylvester Stallone
33%
Ukrainian Prime Minsiter, famous for her braids Yulia Tymoshenko
33%
"Iron Lady" prime minister of Israel Golda Meir
31%
Actor, star of 'The Graduate' and 'Midnight Cowboy' Dustin Hoffman
17%
World famous figure skater Oksana Baiul
14%
Athlete, 1996 Olympic all round champion Liliya Podkopayeva
6%
Alexei Ananenko
3%
Boris Baranov
3%
Sand artist Kseniya Simonova
3%
Co-founder of PayPal Max Levchin
3%
Member of British Parliament for Cardiff West Stefan Terlezki
3%
The three Chernobyl plant workers who sacrificed themselves to prevent a steam explosion Valeri Bezpalov
3%
World's Strongest Girl award winner Varvara Akulova
3%
Village folk artist Maria Pryimachenko
0%
Youngest world chess champion Ruslan Ponomariov
0%
No matching quizzes found
Score Distribution
Percent of People with Each Score
Percentile by Number Answered
Your Score History
You have not taken this quiz